000 00351nam a22001457a 4500
999 _c11206
_d11206
003 OSt
008 220511b ||||| |||| 00| 0 eng d
020 _a97812569006463
100 _aBHARGAVA,N.N
245 _aBasie electronics and Liner Circuits
250 _a2nd
260 _aNew Delhi
_bTata Mcgraw Hill
_c2013
300 _a482
942 _2ddc
_cBK